000 00853nam a22002057a 4500
003 BUBTL
008 230406b ||||| |||| 00| 0 eng d
020 _a9789840429141
082 _a891.4401/ Is41b/ 1990
100 _92264
_aইসলাম, কাজী নজরুল
245 _aবিষের বাঁশী /
_cকাজী নজরুল ইসলাম
250 _a ‍1st Edn
260 _aঢাকা:
_bআগামী প্রকাশনী,
_cc1990
300 _a63 p.:
_c21 cm.
505 _aবিষের বাঁশী, কাজী নজরুল ইসলাম, বাংলা সাহিত্য, বাংলা, বাংলা কবিতা
650 0 _91687
_aবাংলা সাহিত্য
856 _k0
_l0
_yDownload
942 _2ddc
_cBK
999 _c7022
_d7022